Statistics for Can you name all the iPhones?

Click here to take the quiz!

General Stats

  • This quiz has been taken 44 times
  • The average score is 17 of 21

Answer Stats

HintName% Correct
1iPhone
100%
4iPhone 4
95%
9iPhone 6
92%
18iPhone X
92%
16iPhone 8
92%
14iPhone 7
92%
11iPhone 6s
92%
6iPhone 5
92%
8iPhone 5s
87%
5iPhone 4s
85%
20iPhone XS
85%
7iPhone 5c
79%
10iPhone 6 Plus
79%
15iPhone 7 Plus
79%
17iPhone 8 Plus
79%
19iPhone XR
74%
2iPhone 3G
72%
12iPhone 6s Plus
67%
3iPhone 3GS
67%
21iPhone XS Max
67%
13iPhone SE
64%

Score Distribution

Percentile by Number Answered

Percent of People with Each Score

Your Score History

You have not taken this quiz